Extent of accommodation (Record no. 10325)

MARC details
000 -LEADER
fixed length control field 00942cab a2200193 4500
001 - CONTROL NUMBER
control field WB2612-26
008 - FIXED-LENGTH DATA ELEMENTS--GENERAL INFORMATION
fixed length control field 090401t1990 xxu||||| |||| 00| 0 eng d
035 ## - SYSTEM CONTROL NUMBER
System control number (Sirsi) u15706
041 ## - LANGUAGE CODE
Language code of text/sound track or separate title eng
245 ## - TITLE STATEMENT
Title Extent of accommodation
260 ## - PUBLICATION, DISTRIBUTION, ETC.
Date of publication, distribution, etc. 1990
350 ## - PRICE (NR) (BK AM CF MU VM SE) [OBSOLETE]
Price 0
490 ## - SERIES STATEMENT
Series statement Times
Volume/sequential designation 20/3/90 p30
520 ## - SUMMARY, ETC.
Summary, etc. Jones and another v Cook and another CA 15 March 1990. An appeal against an order for possession . Possession had been granted on the basis of a certificate issued by a housing authority under Rent Act 1977 schedule 15 para 5(2) stating that accommodation offered to the tenant was similar in extent to council-owned dwelling houses which might be provided for families of similar size. CA considered that it could not decide the validity of the certificate; case remitted to county court.
650 ## - SUBJECT ADDED ENTRY--TOPICAL TERM
Topical term or geographic name entry element SUITABLE ALTERNATIVE ACCOMMODATION
690 ## - LOCAL SUBJECT ADDED ENTRY--TOPICAL TERM (OCLC, RLIN)
Topical term or geographic name as entry element PROPERTY-LANDLORD AND TENANT
942 ## - ADDED ENTRY ELEMENTS (KOHA)
Suppress in OPAC 0
948 ## - LOCAL PROCESSING INFORMATION (OCLC); SERIES PART DESIGNATOR (RLIN)
c (OCLC) 04/03/1997
Holdings
Withdrawn status Lost status Source of classification or shelving scheme Damaged status Not for loan Home library Current library Shelving location Date acquired Total Checkouts Full call number Barcode Date last seen Copy number Price effective from Koha item type
    Dewey Decimal Classification     London London News article 14/09/1999   WB2612-26 15706-1001 06/08/2019 1 06/08/2019 News article